| 000 | 00776nam a2200253Ia 4500 | ||
|---|---|---|---|
| 003 | OSt | ||
| 005 | 20260409142013.0 | ||
| 008 | 220909b |||||||| |||| 00| 0 eng d | ||
| 020 | _a 81215008903 | ||
| 037 | _cReference Collections | ||
| 040 |
_aCSL _beng _cCSL |
||
| 041 | _aeng | ||
| 084 |
_aV2:71k M9.2 RR _qCSL |
||
| 245 | 0 | _aEncyclopaedia of Indian archaeology | |
| 260 |
_aNew Delhi: _b Munshiran Manoharlal Publishers Pvt Ltd, _c1989. |
||
| 300 |
_a466p. _b:ill. |
||
| 500 | _a23/CSL/Y17/2000-01/66^d2000-08-17^mPurchase | ||
| 650 |
_a Archaeology _91234525 |
||
| 650 | _a Encyclopedia | ||
| 650 | _a India | ||
| 650 | _aHistory | ||
| 942 |
_hV2:71k M9.2 _cREF _2CC |
||
| 999 |
_c99216 _d99216 |
||